| 000 | 00905nam a22002417a 4500 | ||
|---|---|---|---|
| 005 | 20180622113021.0 | ||
| 008 | 130821s1986 ag gr spa | ||
| 040 |
_aCO-BoUCM _cSaul Niño (Modificó) _dSaul Niño (Modificó) _bspa |
||
| 041 | 0 | 0 | _aspa |
| 060 | _aQT 104 | ||
| 100 | 1 | 0 |
_aBest, Charles H. _930558 |
| 245 | 1 | 0 |
_aBases fisiológicas de la práctica médica _cCharles H. Best; Norman Burke Taylor _bmanual de fisiología aplicada |
| 246 |
_aBest & Taylor _bbases fisiológicas de la práctica médica |
||
| 250 | _a11a ed | ||
| 260 |
_aBuenos Aires (Argentina) _bMédica Panamericana _c1986 |
||
| 300 |
_a1562 páginas _bilustraciones |
||
| 650 | 0 | 4 |
_aFisiología humana _915943 |
| 650 | 7 |
_aFisiología celular _915929 |
|
| 650 | 0 | 4 |
_aFisiología _915925 |
| 650 | 7 |
_aFisiología humana _915943 |
|
| 690 | 0 |
_aMedicina clínica _919136 |
|
| 942 |
_cLIBRO _a26 _e11 _mB561b _2NLM _hQT 104 _n0 |
||
| 999 |
_c83382 _d83382 |
||